000 01291 a2200241 4500
005 20080911114027.0
008 080911t xxu||||| |||| 00| 0 hin d
010 _aHIN-79632
020 _c150.00
035 _aHN-51978
037 _bD.B.Act / pub
082 _a306.0954
100 _aगुप्ता, मुकेश
245 _aभारतीय इतिहास कला व संस्कृति
_cमुकेश गुप्ता
246 _aBhartiya Itihas Kala va sanskarti
_bby mukesh Gupta
250 _a2 रा संस्क
260 _aजयपुर
_bअरिहन्त पब्लिशर्स एण्ड डिस्ट्रीब्यूटर्स
_c2006
270 _aदु.न. 6,भाटी होटल के पास,बरकत नगर,टोंक फाटक
_bजयपुर
_e18
300 _a172पृ
_c22 सेमी (अजिल्द)
490 _a(सोनल श्रृंखला)
942 _adpl
_cHN
_k306.0954 / गुप्तामु
_2ddc
_h306.0954
_mगुप्तामु
999 _c3265
_d3265